000 01269cam a2200289 4500
008 011017n2001 000 0 eng u
020 _a1842630490
035 _a(Sirsi) u115163
041 _aeng.
050 _a711.52
100 _aCarley, M.
245 _aRetailing, sustainability and neighbourhood regeneration
260 _aYork
_bYork Publishing
_c2001
300 _aix,79p.
_c28cm.
350 _a14.95
490 _aReconciling environmental and social concerns
520 _aLocal shopping centres are at the heart of sustainable neighbourhoods, especially in regeneration areas where many residents are without a car. The revitalisation of local centres is crucial to sustainability and social inclusion. This study reports on 14 positive examples of retail regeneration, including refurbished parades of shops, precincts and market halls,and rebuilt estate shopping centres. Provides useful information on best practice, and examines unresolved issues of policy and practice.
650 _aNEIGHBOURHOOD REGENERATION
650 _aRETAILING
650 _aRETAIL REGENERATION
650 _aLOCAL SHOPPING CENTRES
650 _aBEST PRACTICE
690 _aREGENERATION
700 _aKirk, K.
700 _aMcIntosh
_cS.
942 _n0
999 _c101721
_d101721